|
|
|
|
| LEADER |
00000nam a2200000 a 4500 |
| 001 |
vtls008858119 |
| 003 |
SK-MaSNL |
| 005 |
20260301022132.0 |
| 008 |
061025s2005 fr g hd 001 0dfre |
| 020 |
|
|
|a 2218744708 (brož.)
|
| 040 |
|
|
|a SNK
|b slo
|c SNK
|e AACR2
|
| 041 |
0 |
|
|a fre
|
| 044 |
|
|
|a fr
|c GR
|
| 072 |
|
7 |
|a 316
|x Sociológia
|2 konspekt
|
| 080 |
|
|
|a 316
|2 2001
|
| 080 |
|
|
|a 811.133.1
|2 2001
|
| 080 |
|
|
|a 81`373.46
|2 2001
|
| 080 |
|
|
|a (038.072)
|2 2001
|
| 245 |
0 |
0 |
|a Dictionnaire de sociologie
|b les notions, les mécanismes, les auteurs
|c Jean Étienne ... [et al.]
|
| 246 |
3 |
0 |
|a Sociologie
|
| 250 |
|
|
|a 3e éd.
|
| 260 |
|
|
|a Paris
|b Hatier
|c 2005
|
| 300 |
|
|
|a 448 s.
|c 19 cm
|
| 490 |
1 |
|
|a Initial
|
| 500 |
|
|
|a Cop. 2004
|
| 504 |
|
|
|a Obsahuje bibliogr.
|
| 650 |
0 |
7 |
|a sociológia
|2 SNKPH
|9 1010
|
| 650 |
0 |
7 |
|a odborná terminológia
|2 SNKPH
|9 3616
|
| 655 |
|
7 |
|a výkladové slovníky
|2 SNKPH
|9 69007
|
| 700 |
1 |
|
|a Étienne, Jean
|4 aut
|9 312249
|
| 830 |
|
0 |
|a Initial
|9 312250
|
| 919 |
|
|
|a 2-218-74470-8
|
| 999 |
|
|
|c 566919
|d 568849
|
| 952 |
|
|
|t snkDIC 316(031)
|a SNKUST
|b SNKUST
|y PREZ
|7 0
|p 17A0535126
|o snkID 97752
|i snk2007/2068
|8 4
|g 14.84
|0 0
|1 0
|4 0
|d 2006-10-25
|l 0
|r 2025-04-29 00:00:00
|w 2026-02-23
|